00426nam a22001577a 450000500170000001000150001702000260003203500140005803700130007208200060008510000190009124500460011026000370015627000530019330000220024620181006145836.0 aENG-124196 a9789386050939c350.00 aEN-107728 bDABD/PUB aN aVikramajit Ram aThe sun and two seas /cby Vikramajit Ram aNew DelhibSpeaking Tiger c2016 a4381/4 Ansari Road, Daryaganj,bNew Delhie10002 a265p. c21cm(pbk)